00488nam a2200133 a 450000100100000000500170001000800410002704000250006808200090009324500700010226001440017230000200031670000180033600003077020200930062511.0110527s1994 000 spa d aDO-SdBNPbspacBNPHU axxxx00aTemas para la agenda política nacional /ceditora Ramón Brea. aSanto Domingo :bPontificia Universidad Católica Madre y Maestra, Centro Universitario de Estudios Políticos y Sociales (CUEPS),c1994. a39 p. ;c22 cm.1 aBrea, Ramón